Nontraditional media in marketing and advertising
Guardat en:
| Autor principal: | |
|---|---|
| Format: | Llibre |
| Idioma: | anglès |
| Publicat: |
Sage Publishers,
2014
|
| Etiquetes: |
Afegir etiqueta
Sense etiquetes, Sigues el primer a etiquetar aquest registre!
|
MARC
| LEADER | 00000nam a22000007a 4500 | ||
|---|---|---|---|
| 008 | 210416b ||||| |||| 00| 0 eng d | ||
| 020 | |a 978-1-4129-9761-4 | ||
| 100 | |a BLAKEMAN, Robyn. | ||
| 245 | |a Nontraditional media in marketing and advertising |c Robyn Blakeman |g vii, 255p. | ||
| 260 | |b Sage Publishers, |c 2014 |h Los Angeles: |i 693437 |l 693438 |m Marketing. |m Advertising. |m Alternative mass media. | ||
| 500 | |a “It includes references and index”. | ||
| 942 | |a lcc |c BK |e Adeniran F. A |f 16/04/2021 | ||
| 952 | |0 0 |1 0 |2 lcc |4 0 |6 HF5415 B57 |7 0 |9 2144 |a HOL |b MPL |c GJ |d 2021-04-16 |l 0 |o HF5415 .B57 |p 2021-5998 |r 2021-04-16 00:00:00 |w 2021-04-16 |y BK | ||
| 952 | |0 0 |1 0 |2 lcc |4 0 |6 HF5415 B57 |7 0 |9 2145 |a HOL |b HOL |c GJ |d 2021-04-16 |l 0 |o HF5415 .B57 |p 2021-5999 |r 2021-04-16 00:00:00 |w 2021-04-16 |y BK | ||
| 999 | |c 1114 |d 1114 | ||